Ferris Bueller Groups Quiz Stats

 Plays Quiz Updated Aug 13, 2019

Score 0/8 Timer 02:00
0 Plays Today
% Correct
geeks
77.6%
****
34.2%
dweebies
24.5%
motorheads
23.2%
d***heads
22.5%
sportos
21.3%
bloods
19%
wastoids
16.8%

You're not logged in!

Compare scores with friends on all Sporcle quizzes.
OR
Log In

Sporcle TV

Today on Sporcle TV


Watch our educational content, quiz creation guides, and fun videos on Sporcle TV.

Show Comments

Extras

Top Quizzes Today


Score Distribution

Your Account Isn't Verified!

In order to create a playlist on Sporcle, you need to verify the email address you used during registration. Go to your Sporcle Settings to finish the process.

Report this User

Report this user for behavior that violates our Community Guidelines.

Details: